000 01948cam a22003135a 4500
001 L159198
008 130926s2016 xxk f 000 0 eng d
020 _a9781118561522
035 _a(Sirsi) u159198
041 0 _aeng
050 0 4 _a692.3
110 2 _aWilliams, Peter
245 0 0 _aManaging measurement risk
_bin building and civil engineering
260 _aOxford
_bJohn Wiley & Sons
_c2016
350 _a£49.95
505 2 _aThe role and purpose of measurement -- Measurement and design -- Measurement conventions -- Approaches to measurement -- New Rules of Measurement: NRM1 -- New Rules of Measurement: NRM2 -- Civil Engineering Standard Method of Measurement -- Method of Measurement for Highway Works -- Principles of Measurement (International) -- Contract control strategies -- Measurement claims -- Final accounts -- Measurement case studies -- New Rules of Measurement: NRM1 -- New Rules of Measurement: NRM2 -- Civil Engineering Standard Method of Measurement -- Method of Measurement for Highway Works -- Principles of Measurement (International) -- Builders' quantities
520 _aOffers clear guidance on how to recognise and avoid measurement risk. The book recognises the interrelationship of measurement with complex contractual issues; emphasises the role of measurement in the entirety of the contracting process; and helps to widen the accessibility of measurement beyond the province of the professional quantity surveyor.
521 _aAdvanced
590 _aKA
650 2 4 _aNEW RULES OF MEASUREMENT 1
650 2 4 _aNEW RULES OF MEASUREMENT 2
650 2 4 _aCIVIL ENGINEERING STANDARD METHOD OF MEASUREMENT (FOURTH EDITION)
650 2 4 _aBUILT ENVIRONMENT-QUANTITY SURVEYING-METHOD OF MEASUREMENT FOR HIGHWAY WORKS
650 2 4 _aPOMI
650 2 4 _aBUILT ENVIRONMENT-QUANTITY SURVEYING-CONSTRUCTION COST ESTIMATING
651 4 _aENGLAND AND WALES
690 _aMeasurement
_96256
942 _n0
999 _c115737
_d115737